Green flags (Record no. 118355)

MARC details
000 -LEADER
fixed length control field 01305cam a2200205 4500
001 - CONTROL NUMBER
control field WB@3612-589
008 - FIXED-LENGTH DATA ELEMENTS--GENERAL INFORMATION
fixed length control field 041123n2004 000 0 eng u
035 ## - SYSTEM CONTROL NUMBER
System control number (Sirsi) u128090
245 ## - TITLE STATEMENT
Title Green flags
260 ## - PUBLICATION, DISTRIBUTION, ETC.
Date of publication, distribution, etc. 2004
490 ## - SERIES STATEMENT
Series statement CABE Press Release
Volume/sequential designation 18 November 2004 (3)
520 ## - SUMMARY, ETC.
Summary, etc. CABE has voiced concern that fear of anti-social behaviour is leading to the creation of a fortified urban environment. "Policy note: preventing anti-social behaviour in public spaces" has found that community groups estimate that 31% of parks suffer from unacceptably high levels of vandalism and behaviour-related problems. An estimated £64m is spent each year on repairing or replacing vandalized or misused items in parks but CABE believes that vandalism and graffiti are usually best tackled by investing in the design, maintenance and staffing of parks and public spaces, not by relying on CCTV. CABE supports the Green Flag Award scheme which recognizes the value of high quality green spaces to communities and their quality of life. The report can be found on the website. http://www.cabe.org.uk/news/press/showPRelease.asp ?id=679
590 ## - LOCAL NOTE (RLIN)
Local note WB
590 ## - LOCAL NOTE (RLIN)
Local note WB
650 ## - SUBJECT ADDED ENTRY--TOPICAL TERM
Topical term or geographic name entry element PUBLIC SPACE
650 ## - SUBJECT ADDED ENTRY--TOPICAL TERM
Topical term or geographic name entry element PARKS
650 ## - SUBJECT ADDED ENTRY--TOPICAL TERM
Topical term or geographic name entry element GREEN SPACE
690 ## - LOCAL SUBJECT ADDED ENTRY--TOPICAL TERM (OCLC, RLIN)
Topical term or geographic name as entry element LEISURE AND RECREATION
942 ## - ADDED ENTRY ELEMENTS (KOHA)
Suppress in OPAC 0
Holdings
Withdrawn status Lost status Source of classification or shelving scheme Damaged status Not for loan Home library Current library Shelving location Date acquired Total Checkouts Full call number Barcode Date last seen Copy number Price effective from Koha item type
    Dewey Decimal Classification     London London News article 23/11/2004   WB4045-16 128090-1001 06/08/2019 1 06/08/2019 News article